Bolton's Farm, Layfield 1st May 1873 (Record no. 116433)
[ view plain ]
| 000 -LEADER | |
|---|---|
| fixed length control field | 00676ctm a22001815a 4500 |
| 001 - CONTROL NUMBER | |
| control field | L140697 |
| 008 - FIXED-LENGTH DATA ELEMENTS--GENERAL INFORMATION | |
| fixed length control field | 071005s1873 xxk eng u |
| 035 ## - SYSTEM CONTROL NUMBER | |
| System control number | (Sirsi) u140697 |
| 041 0# - LANGUAGE CODE | |
| Language code of text/sound track or separate title | eng |
| 110 2# - MAIN ENTRY--CORPORATE NAME | |
| Corporate name or jurisdiction name as entry element | Moore and Garrard |
| 9 (RLIN) | 5373 |
| 245 00 - TITLE STATEMENT | |
| Title | Bolton's Farm, Layfield 1st May 1873 |
| Remainder of title | sale of furniture, live and dead stock and effects for the Trustees of Mr Jonathan Garrard under a deed of assignment for benefit of creditors |
| Medium | [manuscript] |
| 260 ## - PUBLICATION, DISTRIBUTION, ETC. | |
| Date of publication, distribution, etc. | 1873 |
| 300 ## - PHYSICAL DESCRIPTION | |
| Extent | 1 v. |
| Other physical details | 16 cm. |
| 351 ## - ORGANIZATION AND ARRANGEMENT OF MATERIALS | |
| Hierarchical level | Single item |
| 500 ## - GENERAL NOTE | |
| General note | Note book containing details of purchasers and prices paid for lots at the above auction. |
| 710 2# - ADDED ENTRY--CORPORATE NAME | |
| Corporate name or jurisdiction name as entry element | Hoyne and Brundish |
| 9 (RLIN) | 5374 |
| 942 ## - ADDED ENTRY ELEMENTS (KOHA) | |
| Suppress in OPAC | 0 |
| Withdrawn status | Lost status | Source of classification or shelving scheme | Damaged status | Not for loan | Home library | Current library | Shelving location | Date acquired | Total Checkouts | Full call number | Barcode | Date last seen | Copy number | Price effective from | Koha item type |
|---|---|---|---|---|---|---|---|---|---|---|---|---|---|---|---|
| Dewey Decimal Classification | London | London | Basement | 05/10/2007 | BASEMENT BOX 1 | 140697-1001 | 06/08/2019 | 1 | 06/08/2019 | Archive |